000 00728cam a22002293a 4500
001 2396
003 PGUSA
005 20140828083014.0
008 001101s2000||||xxu|||||s|||||000 | eng d
040 _aPGUSA
_beng
042 _adc
050 4 _aBX
100 1 _aMacCaffrey, James,
_d1875-1935
245 1 0 _aHistory of the Catholic Church from the Renaissance to the French Revolution — Volume 1
_h[electronic resource] /
_cJames MacCaffrey
260 _bProject Gutenberg,
_c2000
506 _aPublic domain in the USA.
516 _aElectronic text
653 _aCatholic Church -- History -- Modern period, 1500-
830 0 _aProject Gutenberg
_v2396
856 4 0 _uhttp://www.gutenberg.org/ebooks/2396
942 _cEB
999 _c231733
_d231733